মধ্যযুগের রাষ্ট্রচিন্তা / (Record no. 81147)
[ view plain ]
| 000 -LEADER | |
|---|---|
| fixed length control field | 01004nam a2200265 a 4500 |
| 001 - CONTROL NUMBER | |
| control field | 81147 |
| 003 - CONTROL NUMBER IDENTIFIER | |
| rucl marc code | BD-RjUL |
| 005 - DATE AND TIME OF LATEST TRANSACTION | |
| control field | 20230131121731.0 |
| 008 - FIXED-LENGTH DATA ELEMENTS--GENERAL INFORMATION | |
| fixed length control field | 230131s2020 bg ||||| |||| 00| 0 ben d |
| 020 ## - INTERNATIONAL STANDARD BOOK NUMBER | |
| International Standard Book Number | 9789849098539 |
| 035 ## - SYSTEM CONTROL NUMBER | |
| System control number | (BD-RjUL)81147 |
| 040 ## - CATALOGING SOURCE | |
| Original cataloging agency | BD-RjUL |
| Language of cataloging | eng |
| Transcribing agency | BD-RjUL |
| 041 ## - LANGUAGE CODE | |
| Language code of text/sound track or separate title | ben |
| 082 ## - DEWEY DECIMAL CLASSIFICATION NUMBER | |
| Edition number | 23 |
| Classification number | 320.0902 |
| Author mark and year | 2020 |
| 100 ## - MAIN ENTRY--PERSONAL NAME | |
| Personal name | আহমদ, এমাজউদ্দীন |
| 9 (RLIN) | 6771 |
| 245 ## - TITLE STATEMENT | |
| Title | মধ্যযুগের রাষ্ট্রচিন্তা / |
| Statement of responsibility, etc. | এমাজউদ্দীন আহমদ |
| 250 ## - EDITION STATEMENT | |
| Edition statement | বর্ধিত ও পরিমার্জিত সং. |
| 260 ## - PUBLICATION, DISTRIBUTION, ETC. (IMPRINT) | |
| Place of publication, distribution, etc. | ঢাকা : |
| Name of publisher, distributor, etc. | বাঁধন পাবলিকেশন্স, |
| Date of publication, distribution, etc. | ২০২০ |
| 300 ## - PHYSICAL DESCRIPTION | |
| Pagination | ১৯৩ পৃ.; |
| Size | ২২ সেমি. |
| 650 ## - SUBJECT ADDED ENTRY--TOPICAL TERM | |
| Topical term or geographic name as entry element | রাষ্ট্রবিজ্ঞান |
| 9 (RLIN) | 6772 |
| Topical term or geographic name as entry element | Political science |
| 9 (RLIN) | 1962 |
| Topical term or geographic name as entry element | দর্শন, মধ্যযুগীয় |
| 9 (RLIN) | 6773 |
| Topical term or geographic name as entry element | Philosophy, Medieval |
| 9 (RLIN) | 6623 |
| 942 ## - ADDED ENTRY ELEMENTS (KOHA) | |
| Source of classification or shelving scheme | Dewey Decimal Classification |
| Koha item type | Books |
| Lost status | Source of classification or shelving scheme | Damaged status | Not for loan | Collection code | Permanent Location | Current Location | Shelving location | Date acquired | Source of acquisition | Cost, normal purchase price | Total Checkouts | Full call number | Date last seen | Copy number | Koha item type |
|---|---|---|---|---|---|---|---|---|---|---|---|---|---|---|---|
| Dewey Decimal Classification | Not For Loan | Non-fiction | Central Library, University of Rajshahi | Central Library, University of Rajshahi | Reading Room | 18/12/2022 | Rajshahi : Biddasagar | 187.50 | B 320.0902 AHM 2020 | 31/01/2023 | C-1 | Books | |||
| Dewey Decimal Classification | Non-fiction | Central Library, University of Rajshahi | Central Library, University of Rajshahi | General Stacks | 18/12/2022 | Rajshahi : Biddasagar | 187.50 | B 320.0902 AHM 2020 | 31/01/2023 | C-2 | Books |